| 000 | 00795nam a2200217 i 4500 | ||
|---|---|---|---|
| 001 | bg | ||
| 100 | 1 |
_aHeflik, Wiesław _d(1932- ). |
|
| 245 | 1 | 0 |
_aMetamorfizm w świetle niektórych zagadnień fizykochemicznych / _cWiesław Heflik. |
| 260 |
_aKraków : _bWydawnictwa AGH, _c1993. |
||
| 300 |
_a187 s. : _bfot., wykr. ; _c24 cm. |
||
| 490 | 1 |
_aSkrypty Uczelniane / [Akademia Górniczo-Hutnicza im. S. Staszica w Krakowie], _x0239-6114 ; _v1345 |
|
| 504 | _aBibliogr. s. 177-187. | ||
| 650 | 9 |
_aSkały metamorficzne _xchemia |
|
| 655 | _aPodręczniki akademickie | ||
| 830 | 0 |
_aSkrypty Uczelniane ([Akademia Górniczo-Hutnicza im. S. Staszica w Krakowie]) ; _v1345 |
|
| 040 | _cBPK | ||
| 041 | 0 | _apl | |
| 080 | _a552:54](075.8) | ||
| 942 | _cKS | ||
| 008 | s pl f |000 0 pol | ||
| 999 |
_c32200 _d32200 |
||
| 856 |
_uhttp://koha.tu.koszalin.pl/cgi-bin/koha/opac-detail.pl?biblionumber=32200 _yKatalog online BPK |
||